SB Maffija - Hotel Maffija - Statystyki

Ogólne statystyki
  • Ten quiz został rozwiązany 115 razy
  • Średni wynik to 10 z 15
Statystyki odpowiedzi
Numer Tytuł Gość % Poprawnych
1 Hotel Maffija
91%
4 A nie pamiętasz jak?
88%
8 Zimna noc i szybkie auta
75%
5 Lasy
74%
7 Nie ma raju bez węża
73%
3 Biorę się w garść
70%
6 Dla sióstr
68%
2 Przepis na dzień dobry
68%
10 Znowu razem
66%
9 LTTN
64%
14 (Deluxe) Skaczę w tłum Żabson
62%
12 (Deluxe) Kapuśniak
57%
15 (Deluxe) NOBOCOTEL
57%
11 (Deluxe) Dzieci we mgle
56%
13 (Deluxe) Dziś się nie wkurwię
41%
Nie znaleziono quizów pasujących do podanych kryteriów
Rozkład punktacji
Procent ludzi z każdym wynikiem
Percentyl według liczby udzielonych odpowiedzi
Twoja historia wyników
Nie rozwiązałeś tego quizu